F1 drivers numbers (2023) - Statistics

General Stats
  • This quiz has been taken 138 times
  • The average score is 16 of 21
Answer Stats
Picture Hint Answer % Correct
Max Verstappen 1
98%
Lewis Hamilton 44
97%
Charles Leclerc 16
96%
Lando Norris 4
93%
Carlos Sainz 55
90%
Daniel Ricciardo 3
87%
Oscar Piastri 81
87%
George Russell 63
78%
Sergio Perez 11
76%
Pierre Gasly 10
75%
Fernando Alonso 14
75%
Logan Sargeant 2
72%
Vatteri Bottas 77
71%
Yuki Tsunoda 22
66%
Alex Albon 23
66%
Lance Stroll 18
65%
Esteban Ocon 31
63%
Nico Hulkenberg 27
61%
Kevin Magnussen 20
59%
Nyck DeVries 21
56%
Zhou Guanyu 24
52%
No matching quizzes found
Score Distribution
Percent of People with Each Score
Percentile by Number Answered
Your Score History
You have not taken this quiz